Data Mining for Business Analytics : Concepts, Techniques, and Applications in PYTHON (Record no. 586636)
[ view plain ]
| 000 -LEADER | |
|---|---|
| fixed length control field | 00432nam a22001337a 4500 |
| 020 ## - INTERNATIONAL STANDARD BOOK NUMBER | |
| International Standard Book Number | 9781119549840 |
| 040 ## - CATALOGING SOURCE | |
| Transcribing agency | NUST |
| 082 ## - DEWEY DECIMAL CLASSIFICATION NUMBER | |
| Classification number | 005.54 |
| Author Mark | SHM |
| 100 ## - MAIN ENTRY--PERSONAL NAME | |
| Personal name | Shmueli, Galit |
| 9 (RLIN) | 83630 |
| 110 ## - MAIN ENTRY--CORPORATE NAME | |
| Corporate name or jurisdiction name as entry element | Patel, Nitin R Bruce, Peter C Lichtendahl, Kenneth C. |
| 9 (RLIN) | 83631 |
| 245 ## - TITLE STATEMENT | |
| Title | Data Mining for Business Analytics : Concepts, Techniques, and Applications in PYTHON |
| 260 ## - PUBLICATION, DISTRIBUTION, ETC. | |
| Place of publication, distribution, etc. | USA: |
| Name of publisher, distributor, etc. | John Wiley & Sons, |
| Date of publication, distribution, etc. | 2020. |
| 942 ## - ADDED ENTRY ELEMENTS (KOHA) | |
| Source of classification or shelving scheme | |
| Koha item type | Book |
| Withdrawn status | Lost status | Source of classification or shelving scheme | Damaged status | Not for loan | Permanent Location | Current Location | Shelving location | Date acquired | Total Checkouts | Full call number | Barcode | Date last seen | Price effective from | Koha item type |
|---|---|---|---|---|---|---|---|---|---|---|---|---|---|---|
| College of Electrical & Mechanical Engineering (CEME) | College of Electrical & Mechanical Engineering (CEME) | General Stacks | 11/02/2021 | 005.54 SHM | CEME-50769 | 11/02/2021 | 11/02/2021 | Book |
